| 000 | 00993nam a22002057a 4500 | ||
|---|---|---|---|
| 005 | 20231129104434.0 | ||
| 010 | _aHIN-126416 | ||
| 020 |
_a9788123792781 _c200.00 |
||
| 035 | _aHN-98762 | ||
| 037 | _bDBAD/PUB. | ||
| 082 | _aक | ||
| 100 |
_aदत्ता,सुकन्या _959165 |
||
| 245 |
_aजब चाँद नीला था:विज्ञानपरक काल्पनिक कथाए/ _cसुकन्या दत्ता |
||
| 250 | _a1 | ||
| 260 |
_bराष्टीय पुस्तक न्यास _c2020 _aनई दिल्ली |
||
| 270 |
_aनेहरु भवन, 5 इंस्टीट्यूशनल एरिया फेज-II वसंत कुंज _bनई दिल्ली _e110070 |
||
| 300 |
_a173 पृष्ट; _c22 सेमी (अजिल्द) |
||
| 710 |
_aगर्ग,लक्ष्मीनारायण _eअनुवाद _959164 |
||
| 942 |
_aDPL _cHN _2ddc _hक _mदत्तासु |
||
| 999 |
_c199282 _d199282 |
||